Statistiche per Paesi del Mondo - Digita la prima lettera

Clicka qui per fare il quiz!

Statistiche generali

  • Questo quiz è stato fatto 1.804 volte
  • Il punteggio medio è 124 su 196

Risposte nella Mappa

Le risposte nella mappa del quiz sottostante sono codificate secondo una scala di colori dal rosso al verde in base alla % di persone che hanno risposto correttamente.
 

Statistiche sulle risposte

Paese% Corretto
Lituania
67%
Sudan
67%
Turkmenistan
67%
Azerbaigian
66%
Cambogia
66%
Canada
66%
Germania
66%
Giappone
66%
Indonesia
66%
Slovacchia
66%
Sudafrica
66%
Vietnam
66%
Afghanistan
65%
Andorra
65%
Bhutan
65%
Cina
65%
Colombia
65%
Costa Rica
65%
Papua Nuova Guinea
65%
Estonia
65%
Georgia
65%
Guyana
65%
Irlanda
65%
Israele
65%
Italia
65%
Kazakistan
65%
Kirghizistan
65%
Lettonia
65%
Liechtenstein
65%
Madagascar
65%
Malta
65%
Mauritius
65%
Messico
65%
Monaco
65%
Mozambico
65%
Myanmar
65%
Qatar
65%
Repubblica Ceca
65%
Slovenia
65%
Stati Uniti
65%
Tagikistan
65%
Tunisia
65%
Ucraina
65%
Algeria
64%
Arabia Saudita
64%
Armenia
64%
Austria
64%
Belgio
64%
Bielorussia
64%
Bolivia
64%
Botswana
64%
Brasile
64%
Bulgaria
64%
Camerun
64%
Capo Verde
64%
Ciad
64%
Cipro
64%
Città del Vaticano
64%
Corea del Nord
64%
Croazia
64%
Cuba
64%
Danimarca
64%
Antigua e
Barbuda
64%
Ecuador
64%
Egitto
64%
Emirati Arabi Uniti
64%
Eritrea
64%
Etiopia
64%
Filippine
64%
Francia
64%
Iran
64%
Libia
64%
Malaysia
64%
Marocco
64%
Montenegro
64%
Nepal
64%
Norvegia
64%
Nuova Zelanda
64%
Oman
64%
Pakistan
64%
Panama
64%
Paraguay
64%
Peru
64%
Polonia
64%
Portogallo
64%
Regno Unito
64%
Romania
64%
Russia
64%
Siria
64%
Spagna
64%
Suriname
64%
Thailandia
64%
Timor Est
64%
Ungheria
64%
Yemen
64%
Albania
63%
Angola
63%
Australia
63%
Bahrain
63%
Bangladesh
63%
Belize
63%
Bosnia e
Erzegovina
63%
Cile
63%
Corea del Sud
63%
Costa d'Avorio
63%
El Salvador
63%
Eswatini
63%
Gibuti
63%
Giordania
63%
Guinea
63%
Guinea-Bissau
63%
Guinea Equatoriale
63%
Honduras
63%
India
63%
Kenia
63%
Kosovo
63%
Kuwait
63%
Lesotho
63%
Libano
63%
Lussemburgo
63%
Macedonia del Nord
63%
Maldive
63%
Mali
63%
Moldavia
63%
Namibia
63%
Niger
63%
Paesi Bassi
63%
Palau
63%
Repubblica Democratica del Congo
63%
Repubblica Dominicana
63%
San Marino
63%
Senegal
63%
Serbia
63%
Seychelles
63%
Singapore
63%
Sri Lanka
63%
Svezia
63%
Svizzera
63%
Taiwan
63%
Tanzania
63%
Togo
63%
Turchia
63%
Uruguay
63%
Uzbekistan
63%
Venezuela
63%
Argentina
62%
Barbados
62%
Repubblica del Congo
62%
Saint Kitts
e Nevis
62%
Saint Vincent e Grenadine
62%
São Tomé
e Príncipe
62%
Trinidad e
Tobago
62%
Dominica
62%
Figi
62%
Finlandia
62%
Gambia
62%
Ghana
62%
Grecia
62%
Guatemala
62%
Haiti
62%
Islanda
62%
Malawi
62%
Mauritania
62%
Mongolia
62%
Nicaragua
62%
Nigeria
62%
Repubblica Centrafricana
62%
Saint Lucia
62%
Samoa
62%
Somalia
62%
Sud Sudan
62%
Tonga
62%
Uganda
62%
Zambia
62%
Zimbabwe
62%
Benin
61%
Brunei
61%
Burkina Faso
61%
Comore
61%
Gabon
61%
Giamaica
61%
Iraq
61%
Isole Marshall
61%
Isole Salomone
61%
Kiribati
61%
Laos
61%
Liberia
61%
Sierra Leone
61%
Stati Federati di Micronesia
61%
Tuvalu
61%
Vanuatu
61%
Bahamas
60%
Burundi
60%
Nauru
60%
Ruanda
60%
Grenada
59%

Distribuzione punteggi

Percentile per numero di risposta

Percentuale di utenti per punteggio

I tuoi punteggi nel tempo

Non hai fatto questo quiz